[Event "GER-ch Net Amateur Gr-C Final"]
[Site "Playchess.com INT"]
[Date "2020.04.18"]
[Round "3"]
[White "Marcziter, Alex"]
[Black "Heiligtag, Matthias"]
[Result "1/2-1/2"]
[WhiteElo "1602"]
[BlackElo "1700"]
[PlyCount "113"]
[EventDate "2020.04.18"]
[EventType "swiss (blitz)"]
[EventRounds "13"]
[EventCountry "GER"]
[SourceTitle "CBM 195 Extra"]
[Source "ChessBase"]
[SourceDate "2020.05.31"]
[SourceVersion "1"]
[SourceVersionDate "2020.05.31"]
[SourceQuality "1"]

1. e4 e5 2. Nf3 Nf6 3. Nxe5 d6 4. Nf3 Nxe4 5. d4 Be7 6. Bd3 Nf6 7. 0-0 Bg4 8. h3 Bh5 9. Re1 0-0 10. Be2 Nc6 11. Ng5 Bxe2 12. Rxe2 h6 13. Nf3 Re8 14. Nc3 d5 15. Bf4 Bb4 16. Bd2 Rxe2 17. Nxe2 Bxd2 18. Qxd2 Qe7 19. Re1 Re8 20. Nc3 Qd7 21. Ne5 Nxe5 22. Rxe5 Ne4 23. Nxe4 dxe4 24. Rxe8+ Qxe8 25. Qe3 Qc6 26. c3 f5 27. f3 exf3 28. Qxf3 Qxf3 29. gxf3 Kf7 30. Kf2 Kf6 31. Ke3 g5 32. c4 c6 33. b4 h5 34. a4 g4 35. hxg4 hxg4 36. Kf4 gxf3 37. Kxf3 Kg5 38. d5 cxd5 39. cxd5 f4 40. d6 Kf6 41. d7 Ke7 42. Kxf4 Kxd7 43. Ke5 Kc6 44. Ke6 b5 45. a5 Kb7 46. Kd7 Ka6 47. Kd6 Kb7 48. Kd5 Ka6 49. Kc5 Kb7 50. Kxb5 a6+ 51. Kc5 Kc7 52. Kd5 Kd7 53. Kc5 Kc7 54. Kd4 Kd6 55. Kc4 Kc6 56. Kc3 Kc7 57. Kc4 1/2-1/2

[Event "GER-ch Net Amateur Gr-C Final"]
[Site "Playchess.com INT"]
[Date "2020.04.18"]
[Round "9"]
[White "Marcziter, Alex"]
[Black "Skopp, Jonathan"]
[Result "1-0"]
[WhiteElo "1602"]
[BlackElo "1594"]
[PlyCount "37"]
[EventDate "2020.04.18"]
[EventType "swiss (blitz)"]
[EventRounds "13"]
[EventCountry "GER"]
[SourceTitle "CBM 195 Extra"]
[Source "ChessBase"]
[SourceDate "2020.05.31"]
[SourceVersion "1"]
[SourceVersionDate "2020.05.31"]
[SourceQuality "1"]

1. e4 e6 2. d4 d5 3. e5 c5 4. dxc5 Bxc5 5. Bd3 Nc6 6. Nf3 Qc7 7. Qe2 Nge7 8. Bf4 Ng6 9. Bg3 Qb6 10. c3 Qc7 11. 0-0 Bd7 12. b4 Bb6 13. Nbd2 a6 14. Rfe1 Na7 15. Rac1 Bb5 16. Bxb5+ Nxb5 17. c4 dxc4 18. Nxc4 Ba7 19. Nd6+ 1-0

[Event "GER-ch Net Amateur Gr-C Final"]
[Site "Playchess.com INT"]
[Date "2020.04.18"]
[Round "5"]
[White "Pflugbeil, Julian"]
[Black "Marcziter, Alex"]
[Result "1-0"]
[WhiteElo "1420"]
[BlackElo "1602"]
[PlyCount "109"]
[EventDate "2020.04.18"]
[EventType "swiss (blitz)"]
[EventRounds "13"]
[EventCountry "GER"]
[SourceTitle "CBM 195 Extra"]
[Source "ChessBase"]
[SourceDate "2020.05.31"]
[SourceVersion "1"]
[SourceVersionDate "2020.05.31"]
[SourceQuality "1"]

1. d4 Nf6 2. c4 e6 3. Nc3 d5 4. Bg5 Be7 5. Nf3 0-0 6. cxd5 exd5 7. g3 c6 8. Bg2 Bg4 9. 0-0 Nbd7 10. e3 Re8 11. Qd3 Nf8 12. Rad1 h6 13. Bxf6 Bxf6 14. e4 dxe4 15. Nxe4 Be7 16. Rd2 Bb4 17. Re2 f5 18. Nc3 Rxe2 19. Nxe2 Bxf3 20. Bxf3 Qf6 21. Qc4+ Ne6 22. Qxb4 Re8 23. Qxb7 Nxd4 24. Nxd4 Qxd4 25. Bxc6 Re2 26. Bf3 Rxb2 27. Qc8+ Kh7 28. Qxf5+ Kg8 29. Bd5+ Kh8 30. Qf8+ Kh7 31. Bg8+ Kg6 32. Qf7+ Kg5 33. h4+ Kg4 34. Qg6+ Kf3 35. Qf5+ Ke2 36. Qe6+ Kd2 37. Re1 Kc3 38. Re3+ Kc2 39. Bh7+ Kc1 40. Qc6+ Kd2 41. Rd3+ Qxd3 42. Bxd3 Kxd3 43. Qg6+ Kc3 44. Qxg7+ Kc2 45. Qxa7 Rb1+ 46. Kg2 Kb2 47. a4 Ra1 48. a5 Kb3 49. a6 Ra4 50. Qb6+ Ka3 51. a7 Rb4 52. a8Q+ Kb3 53. Qe3+ Kb2 54. Qaa3+ Kc2 55. Qed3# 1-0

[Event "GER-ch Net Amateur Gr-C Final"]
[Site "Playchess.com INT"]
[Date "2020.04.18"]
[Round "8"]
[White "Rodriguez Klasen, Ennio"]
[Black "Marcziter, Alex"]
[Result "1-0"]
[WhiteElo "1470"]
[BlackElo "1602"]
[PlyCount "55"]
[EventDate "2020.04.18"]
[EventType "swiss (blitz)"]
[EventRounds "13"]
[EventCountry "GER"]
[SourceTitle "CBM 195 Extra"]
[Source "ChessBase"]
[SourceDate "2020.05.31"]
[SourceVersion "1"]
[SourceVersionDate "2020.05.31"]
[SourceQuality "1"]

1. e4 e5 2. f4 exf4 3. Nf3 Nf6 4. Nc3 Nc6 5. d4 Bb4 6. Bd3 Bxc3+ 7. bxc3 d6 8. Bxf4 Bg4 9. 0-0 0-0 10. h3 Bh5 11. Bg5 h6 12. Bh4 g5 13. Bg3 Re8 14. Re1 Qd7 15. Bb5 Nxe4 16. Rxe4 Rxe4 17. d5 Bxf3 18. Qxf3 Rae8 19. dxc6 bxc6 20. Bd3 Re3 21. Qf2 h5 22. Rf1 h4 23. Bh2 Qe7 24. Qf5 Kf8 25. Qh7 Qe6 26. Bg6 f6 27. Qh8+ Ke7 28. Qxe8# 1-0

[Event "GER-ch Net Amateur Gr-C Vor3"]
[Site "Playchess.com INT"]
[Date "2020.04.16"]
[Round "9"]
[White "Hausmann, Heiko"]
[Black "Marcziter, Alex"]
[Result "0-1"]
[WhiteElo "1559"]
[BlackElo "1586"]
[PlyCount "94"]
[EventDate "2020.04.16"]
[EventType "swiss (blitz)"]
[EventRounds "9"]
[EventCountry "GER"]
[SourceTitle "CBM 195 Extra"]
[Source "ChessBase"]
[SourceDate "2020.05.31"]
[SourceVersion "1"]
[SourceVersionDate "2020.05.31"]
[SourceQuality "1"]

1. e4 e5 2. Nf3 Nc6 3. g3 Nf6 4. d3 Bc5 5. Bg2 0-0 6. 0-0 d6 7. Nbd2 Bg4 8. h3 Bh5 9. c3 Qd7 10. Qc2 Bxf3 11. Nxf3 Nh5 12. b4 Bb6 13. a4 Nxg3 14. Re1 a5 15. b5 Ne7 16. d4 exd4 17. cxd4 Nh5 18. Bb2 Nf4 19. Bf1 Nxh3+ 20. Bxh3 Qxh3 21. Qe2 Ng6 22. Ng5 Qd7 23. Qh5 h6 24. Nf3 Nf4 25. Qh2 Qg4+ 26. Qg3 Qxg3+ 27. fxg3 Nd3 28. Re2 Rfe8 29. e5 dxe5 30. Kg2 exd4 31. Rxe8+ Rxe8 32. Bxd4 Re2+ 33. Kh3 Bxd4 34. Nxd4 Rb2 35. Nf5 Kh7 36. Ne7 g5 37. Kg4 Nf2+ 38. Kf5 Re2 39. Nd5 c6 40. bxc6 bxc6 41. Nf6+ Kg7 42. Nd7 Nd3 43. Rd1 Nb4 44. Rd6 Rf2+ 45. Kg4 f5+ 46. Kh3 g4+ 47. Kh4 Rh2# 0-1

[Event "GER-ch Net Amateur Gr-C Vor3"]
[Site "Playchess.com INT"]
[Date "2020.04.16"]
[Round "6"]
[White "Kaufmann, Emanuel"]
[Black "Marcziter, Alex"]
[Result "0-1"]
[WhiteElo "1523"]
[BlackElo "1568"]
[PlyCount "40"]
[EventDate "2020.04.16"]
[EventType "swiss (blitz)"]
[EventRounds "9"]
[EventCountry "GER"]
[SourceTitle "CBM 195 Extra"]
[Source "ChessBase"]
[SourceDate "2020.05.31"]
[SourceVersion "1"]
[SourceVersionDate "2020.05.31"]
[SourceQuality "1"]

1. e4 e5 2. f4 exf4 3. Nf3 Nf6 4. Nc3 Nc6 5. d4 d5 6. exd5 Nxd5 7. Bc4 Nxc3 8. bxc3 Bd6 9. 0-0 0-0 10. Qd3 Qf6 11. Re1 Bf5 12. Qe2 Rfe8 13. Qd2 Qg6 14. a4 Be4 15. Ba3 Bxa3 16. Rxa3 Bxf3 17. d5 Rxe1+ 18. Bf1 Re2 19. Qxf4 Rxg2+ 20. Kh1 Rg1# 0-1

[Event "GER-ch Net Amateur Gr-C Vor3"]
[Site "Playchess.com INT"]
[Date "2020.04.16"]
[Round "4"]
[White "Marcziter, Alex"]
[Black "Wartenberg, Alexander"]
[Result "0-1"]
[WhiteElo "1580"]
[BlackElo "1479"]
[PlyCount "84"]
[EventDate "2020.04.16"]
[EventType "swiss (blitz)"]
[EventRounds "9"]
[EventCountry "GER"]
[SourceTitle "CBM 195 Extra"]
[Source "ChessBase"]
[SourceDate "2020.05.31"]
[SourceVersion "1"]
[SourceVersionDate "2020.05.31"]
[SourceQuality "1"]

1. e4 e5 2. Nf3 Nc6 3. Bc4 Nf6 4. Ng5 Bc5 5. Nxf7 Bxf2+ 6. Kxf2 Nxe4+ 7. Kg1 Qh4 8. Qf1 Rf8 9. d3 Nf6 10. c3 d5 11. Bg5 Qh5 12. Bxf6 dxc4 13. Bxg7 Rxf7 14. Bf6 Qg6 15. dxc4 Rxf6 16. Qe2 Bg4 17. Qe3 Qf5 18. Nd2 0-0-0 19. h3 Bh5 20. Rf1 Qg6 21. Rxf6 Qxf6 22. Kh2 Qf4+ 23. Qxf4 exf4 24. Ne4 f3 25. Nf6 fxg2 26. Kxg2 Bg6 27. Re1 Rf8 28. Nd5 Bf7 29. Kg3 Bxd5 30. cxd5 Rg8+ 31. Kf4 Nd8 32. Re7 h5 33. Ke5 Rg2 34. Kd4 Rxb2 35. a4 Rh2 36. Re3 h4 37. Kc5 b6+ 38. Kb5 Kb7 39. Re8 Nf7 40. Re7 Nd6+ 41. Kb4 Rxh3 42. c4 a5# 0-1

[Event "GER-ch Net Amateur Gr-C Vor2"]
[Site "Playchess.com INT"]
[Date "2020.04.15"]
[Round "5"]
[White "Foeing, Sebastian"]
[Black "Marcziter, Alex"]
[Result "0-1"]
[WhiteElo "1404"]
[BlackElo "1570"]
[PlyCount "21"]
[EventDate "2020.04.15"]
[EventType "swiss (blitz)"]
[EventRounds "9"]
[EventCountry "GER"]
[SourceTitle "CBM 196 Extra"]
[Source "ChessBase"]
[SourceDate "2020.07.31"]
[SourceVersion "1"]
[SourceVersionDate "2020.07.31"]
[SourceQuality "1"]

1. e4 e5 2. Nf3 Nc6 3. Nc3 Nf6 4. Bb5 Bb4 5. Bxc6 dxc6 6. Nxe5 Bxc3 7. dxc3 Qxd1+ 8. Kxd1 Nxe4 9. Re1 Nxf2+ 10. Kd2 0-0 11. Re2 0-1

[Event "GER-ch Net Amateur Gr-C Vor2"]
[Site "Playchess.com INT"]
[Date "2020.04.15"]
[Round "1"]
[White "Marcziter, Alex"]
[Black "Fliegner, Thomas"]
[Result "0-1"]
[WhiteElo "1570"]
[BlackElo "1297"]
[PlyCount "70"]
[EventDate "2020.04.15"]
[EventType "swiss (blitz)"]
[EventRounds "9"]
[EventCountry "GER"]
[SourceTitle "CBM 196 Extra"]
[Source "ChessBase"]
[SourceDate "2020.07.31"]
[SourceVersion "1"]
[SourceVersionDate "2020.07.31"]
[SourceQuality "1"]

1. e4 c6 2. d4 d5 3. Nd2 dxe4 4. Nxe4 Bf5 5. Ng3 Bg6 6. Nf3 Nd7 7. h4 h6 8. h5 Bh7 9. Bd3 Bxd3 10. Qxd3 Ngf6 11. Bd2 e6 12. 0-0-0 Qc7 13. Kb1 0-0-0 14. c4 Bd6 15. Ne4 Nxe4 16. Qxe4 Nf6 17. Qd3 Bf4 18. Bxf4 Qxf4 19. Qd2 Qxd2 20. Rxd2 Rd7 21. Ne5 Re7 22. f3 Nd7 23. Nxd7 Rxd7 24. Rhd1 Rhd8 25. Kc2 Kc7 26. Kc3 f6 27. g3 b6 28. g4 a6 29. f4 Rd6 30. Rd3 R8d7 31. R1d2 Re7 32. Kc2 Red7 33. Kd1 Kd8 34. Ke2 Ke7 35. Kf3 Kf7 0-1

[Event "GER-ch Net Amateur Gr-C Vor2"]
[Site "Playchess.com INT"]
[Date "2020.04.15"]
[Round "4"]
[White "Marcziter, Alex"]
[Black "Vollenberg, Joerg"]
[Result "0-1"]
[WhiteElo "1570"]
[BlackElo "1706"]
[PlyCount "56"]
[EventDate "2020.04.15"]
[EventType "swiss (blitz)"]
[EventRounds "9"]
[EventCountry "GER"]
[SourceTitle "CBM 196 Extra"]
[Source "ChessBase"]
[SourceDate "2020.07.31"]
[SourceVersion "1"]
[SourceVersionDate "2020.07.31"]
[SourceQuality "1"]

1. e4 b6 2. d4 Bb7 3. Nc3 e6 4. Nf3 Bb4 5. Bd3 Nf6 6. Bg5 h6 7. Bxf6 Qxf6 8. 0-0 Nc6 9. a3 Bxc3 10. bxc3 0-0 11. d5 Ne5 12. Nxe5 Qxe5 13. dxe6 dxe6 14. Qd2 Rad8 15. f3 c5 16. Kh1 c4 17. f4 Qc7 18. Qe2 cxd3 19. cxd3 Qxc3 20. Rac1 Qxd3 21. Qxd3 Rxd3 22. Rc7 Bxe4 23. Rxa7 Rd2 24. Rg1 Rfd8 25. Ra6 Rd1 26. Rxb6 R8d2 27. Rb8+ Kh7 28. h3 Rxg2 0-1